Grolier classics: Les miserables, The auto-biography of Benjamin Franklin, The French revolution, The divine comedy
Na minha lista:
| Formato: | Livro |
|---|---|
| Idioma: | Undetermined |
| Publicado em: |
New York
Grolier
1956
|
| Assuntos: | |
| Tags: |
Adicionar Tag
Sem tags, seja o primeiro a adicionar uma tag!
|
| Thư viện lưu trữ: | Trung tâm Học liệu Trường Đại học Cần Thơ |
|---|
| LEADER | 00510nam a2200157Ia 4500 | ||
|---|---|---|---|
| 001 | CTU_26716 | ||
| 008 | 210402s9999 xx 000 0 und d | ||
| 082 | |a 808.3 | ||
| 082 | |b G875m | ||
| 245 | 0 | |a Grolier classics: Les miserables, The auto-biography of Benjamin Franklin, The French revolution, The divine comedy | |
| 260 | |a New York | ||
| 260 | |b Grolier | ||
| 260 | |c 1956 | ||
| 650 | |a literature - history and criticism | ||
| 904 | |i Minh, 981019 | ||
| 980 | |a Trung tâm Học liệu Trường Đại học Cần Thơ | ||